1294 1505 1752 1283 1658 1089 1185 1429 1387 1925 1337 1712 1023 1351 1722 1764 1390 1449 1547 1548 1001 1290 1411 1631 1043 1678 1791 1039 1247 1891 1893 1985 1924 1424 1167 1675 1610 1354 1685 1820 1540 1108 1887 1145 1539 1103 1691 1714 1522 1084 1110 1858 1726 1742 1196 1138 1058 1068 1395 1079 1250 1364 1271 1556 1216 1482 1401 1047 1550 1536 1350 1484 1921 1354 1767 1248 1617 1959 1691 1681 1155 1234 1501 1683 1071 1799 1893 1831 1836 1129 1620 1620 1991 1124 1093 1590 1968 1806 1105 BCNSPRNW ULIB Ver.6.0+V

เปลี่ยนเป็นภาษาไทย

Change to English
 แสดงรายละเอียดบรรณานุกรม
  กลับหน้าหลัก

Brief Record : Get Marc (ISO 2709) : E-mail record : QR code < ปิดหน้าต่าง
LEADER : 00000nam 2200000uu 4500
001    13399112474
003     ULIB
008    110817s2544||||th 000 0 tha d
020    9747854791(2544)
050 04 HN700.592.R8^bห199 2544
245 10 หมู่บ้านชนบทไทย ปี 2544 จากข้อมูลพื้นฐานระดับหมู่บ้าน (กชช.2 ค) /^cศูนย์ข้อมูลเพื่อการพัฒนาชนบทกระทรวงมหาดไทย กองวิชาการและแผนงาน กรมการพัฒนาชุมชน
260    กรุงเทพฯ :^bกรมการพัฒนาชุมชน. ศูนย์ข้อมูลเพื่อการพัฒนาชนบท,^c2544
300    412 :^bภาพประกอบ ;^c30 ซม
310    ราย 2 ปี
650  7 การพัฒนาชนบท^zไทย
650  7 หมู่บ้าน^zไทย
651  7 ไทย^xภาวะชนบท
710 2  ศูนย์ข้อมูลเพื่อการพัฒนาชนบทกระทรวงมหาดไทย
740 0  ข้อมูลพื้นฐานระดับหมู่บ้าน (กชช. 2 ค)
945    ^p0^l0^i014997
995    ทศพร
999 ^a ทศพร
รายการนี้ยังไม่มีแท็ก
คุณยังไม่ได้ล็อกอิน คุณสามารถมีกิจกรรมร่วมกับเว็บไซต์ได้ แต่ต้องล็อกอินก่อน ::
  ล็อกอิน

รายการสื่อสารสนเทศ

ลำดับที่ ประเภท เลขเรียก/บาร์โค้ด สถานที่ สถานะ
- ไม่พบข้อมูล -

BibComment


ยังไม่เคยถูกคอมเมนท์

คอมเมนท์ทรัพยากรรายการนี้
  คอมเมนท์: หมู่บ้านชนบทไทย ป..


 Copyright 2026. Bcnsprnw @Library